000 00691nam a22002057a 4500
005 20251108173711.0
008 250721s2007 xx 000 0 eng d
082 1 4 _a651.75/دود
100 1 _aدودين, ماجد
245 1 0 _aمهارات كتابة الرسائل التجارية و الودية (باللغة الإنجليزية ) /
246 1 1 _aBUSINESS AND FRIENDLY LETTERS WRITING SKILLS
264 1 _aدمشق :
_bدار رسلان,
_c2007.
300 _a142ص.
650 1 7 _aكتابه الرساال
650 1 7 _aالتجاره
650 1 7 _aالمراسلات الرسميه
650 1 7 _aاللغه الانجليزيه
942 _2ddc
_cBK
999 _c110276
_d110276